Języki - nagła śmierć - Statystyki

Ogólne statystyki
  • Ten quiz został rozwiązany 12 953 razy
  • Średni wynik to 7 z 20
Answers on the Grid
Answers color-coded by a green-red scale on the quiz's grid according to % correct below.
Angielski
Australijski
Austriacki
Baskijski
Birmański
Cebuański
Forint
Fryzyjski
Gurchan
Hausa
Hmong
Igbo
Katarski
Keczua
Khmerski
Lhoti
Luksemburski
Maoryjski
Orija
Ouroboros
Paszto
Peruwiański
Sepia
Suahili
Szwajcarski
Tadżycki
Tagalski
Urdu
Włoski
Zulu
 
Statystyki odpowiedzi
Odpowiedź % Poprawnych
Angielski
97%
Włoski
59%
Baskijski
53%
Zulu
42%
Suahili
39%
Urdu
37%
Khmerski
36%
Maoryjski
31%
Tadżycki
31%
Birmański
30%
Fryzyjski
29%
Keczua
27%
Paszto
27%
Tagalski
24%
Igbo
23%
Cebuański
19%
Luksemburski
16%
Hausa
15%
Hmong
14%
Orija
10%
Nie znaleziono quizów pasujących do podanych kryteriów
Rozkład punktacji
Procent ludzi z każdym wynikiem
Percentyl według liczby udzielonych odpowiedzi
Twoja historia wyników
Nie rozwiązałeś tego quizu